Rural energy: consumption, problems and prospects: a replicable model for India (Record no. 356165)

000 -LEADER
fixed length control field 00392cam a22001217a 4500
008 - FIXED-LENGTH DATA ELEMENTS--GENERAL INFORMATION
fixed length control field 180718b1988 xxu||||| |||| 00| 0 eng d
082 ## - DEWEY DECIMAL CLASSIFICATION NUMBER
Classification number Y26x5441 V519r
100 ## - MAIN ENTRY--PERSONAL NAME
Personal name Veena, D.R.
245 ## - TITLE STATEMENT
Title Rural energy: consumption, problems and prospects: a replicable model for India
Statement of responsibility, etc. by D.R. Veena
260 ## - PUBLICATION, DISTRIBUTION, ETC.
Place of publication, distribution, etc. New Delhi
Name of publisher, distributor, etc. Ashish
Date of publication, distribution, etc. 1988
300 ## - PHYSICAL DESCRIPTION
Extent 336p.
650 ## - SUBJECT ADDED ENTRY--TOPICAL TERM
Topical term or geographic name entry element Energy resources - India - Gujarat
Holdings
Withdrawn status Lost status Damaged status Not for loan Permanent Location Current Location Date acquired Full call number Barcode Date last seen Price effective from Koha item type
        Indian Institute of Public Administration Indian Institute of Public Administration 1994-01-03 Y26x5441 V519r 64178 2018-07-21 2018-07-21 Book

Powered by Koha